[Event "2. Azuqueca Chess Classic 2014"]
[Site "Azuqueca de Henares ESP"]
[Date "2014.09.17"]
[Round "5.1"]
[White "Moreno Ruiz, Javier"]
[Black "Castellanos Rodriguez, Renier"]
[Result "0-1"]
[WhiteElo "2475"]
[BlackElo "2465"]
[PlyCount "84"]
[EventDate "2014.09.13"]
[EventType "swiss"]
[EventRounds "9"]
[EventCountry "ESP"]
[Source "lmi"]
[SourceDate "2014.09.13"]

1. d4 Nf6 2. c4 e6 3. Nc3 Bb4 4. Qc2 O-O 5. Nf3 c5 6. dxc5 Qc7 7. e3 Na6 8. Be2
Nxc5 9. O-O Bxc3 10. Qxc3 b6 11. b3 Nce4 12. Qc2 Bb7 13. Bb2 Rac8 14. Rac1 Rfd8
15. Nd4 d5 16. Nb5 Qb8 17. f3 Nc5 18. Rfd1 a6 19. Nc3 Ncd7 20. cxd5 Nxd5 21.
Qd2 Ne7 22. e4 Nf6 23. Qe3 b5 24. Rxd8+ Rxd8 25. Rd1 Nc6 26. Bf1 h6 27. Rxd8+
Qxd8 28. Ne2 Nd7 29. Nd4 Nce5 30. Be2 Qa5 31. Qc3 b4 32. Qd2 Qxa2 33. f4 Nc6
34. f5 e5 35. Ne6 Nf6 36. Nc5 Nd4 37. Bf1 Nxe4 38. Nxe4 Bxe4 39. f6 gxf6 40.
Qf2 Qxb3 41. Bxd4 exd4 42. Qxd4 Bg6 0-1

[Event "2. Azuqueca Chess Classic 2014"]
[Site "Azuqueca de Henares ESP"]
[Date "2014.09.17"]
[Round "5.2"]
[White "Stella, Andrea"]
[Black "Gomez Ledo, Roberto Carlos"]
[Result "1/2-1/2"]
[WhiteElo "2403"]
[BlackElo "2403"]
[PlyCount "29"]
[EventDate "2014.09.13"]
[EventType "swiss"]
[EventRounds "9"]
[EventCountry "ESP"]
[Source "lmi"]
[SourceDate "2014.09.13"]

1. d4 d5 2. Nf3 Nf6 3. c4 c6 4. g3 Bf5 5. Nc3 e6 6. Nh4 Bg6 7. Qb3 Qb6 8. Nxg6
hxg6 9. c5 Qc7 10. Bf4 Qc8 11. Bg2 Nbd7 12. e4 Be7 13. exd5 Nxd5 14. Nxd5 cxd5
15. h4 1/2-1/2

[Event "2. Azuqueca Chess Classic 2014"]
[Site "Azuqueca de Henares ESP"]
[Date "2014.09.17"]
[Round "5.3"]
[White "Perez Mitjans, Orelvis"]
[Black "Iturrizaga Bonelli, Eduardo"]
[Result "0-1"]
[WhiteElo "2440"]
[BlackElo "2660"]
[PlyCount "90"]
[EventDate "2014.09.13"]
[EventType "swiss"]
[EventRounds "9"]
[EventCountry "ESP"]
[Source "lmi"]
[SourceDate "2014.09.13"]

1. e4 c5 2. Nf3 g6 3. d4 cxd4 4. Qxd4 Nf6 5. Nc3 Nc6 6. Qa4 d6 7. e5 dxe5 8.
Nxe5 Qd4 9. Nxc6 Qxa4 10. Nxa4 bxc6 11. Bd3 Bg7 12. O-O O-O 13. Re1 Nd5 14. a3
Rd8 15. Bg5 f6 16. Bd2 e5 17. Ba5 Re8 18. Rad1 f5 19. Bc4 Be6 20. Nc5 Bf7 21.
Ba6 Rab8 22. b3 Re7 23. Bf1 e4 24. c4 Nf4 25. Bd8 Bf8 26. Bxe7 Bxe7 27. Nd7
Rxb3 28. Ne5 Be8 29. g3 Nh5 30. Rb1 Rxa3 31. Rb8 Nf6 32. Rd1 Kg7 33. Rb7 Kf8
34. Rb8 Kg7 35. Rb7 Kf8 36. Rb8 e3 37. fxe3 Rxe3 38. Nd7+ Nxd7 39. Rxd7 a5 40.
Bg2 Re6 41. Kf1 a4 42. Ra7 a3 43. Rc8 Bb4 44. Rxh7 a2 45. Ra8 Re1+ 0-1

[Event "2. Azuqueca Chess Classic 2014"]
[Site "Azuqueca de Henares ESP"]
[Date "2014.09.17"]
[Round "5.4"]
[White "Baeza Escudero, Javier"]
[Black "Valmaña Canto, Jaime"]
[Result "0-1"]
[WhiteElo "1900"]
[BlackElo "2353"]
[PlyCount "113"]
[EventDate "2014.09.13"]
[EventType "swiss"]
[EventRounds "9"]
[EventCountry "ESP"]
[Source "lmi"]
[SourceDate "2014.09.13"]

1. e4 g6 2. d4 Bg7 3. Nf3 d6 4. Nc3 a6 5. Be3 b5 6. a3 Bb7 7. Bd3 Nd7 8. Ne2 c5
9. c3 Ngf6 10. Ng3 Ng4 11. Bd2 cxd4 12. cxd4 Qb6 13. O-O h5 14. h4 e5 15. d5
Nc5 16. Bc2 Qd8 17. b4 Nd7 18. a4 Nb6 19. axb5 axb5 20. Bd3 Nc4 21. Qe2 O-O 22.
Bxc4 bxc4 23. Qxc4 Qb6 24. Rab1 Rfc8 25. Qb3 Ba6 26. b5 Rab8 27. Nh2 Nxh2 28.
Kxh2 Bxb5 29. Be3 Qd8 30. Rfc1 Bc4 31. Qa4 Rxb1 32. Rxb1 Qxh4+ 33. Kg1 Bxd5 34.
Qa6 Be6 35. Qxd6 Qg4 36. Qd1 Qxd1+ 37. Rxd1 Bf6 38. Nf1 Rc4 39. f3 Be7 40. Bf2
f5 41. Ne3 Ra4 42. Nd5 Bg5 43. Nc7 Bf7 44. exf5 gxf5 45. Nb5 e4 46. Re1 Bd2 47.
Re2 Ra1+ 48. Kh2 Rd1 49. Be3 Ba5 50. fxe4 Bc4 51. Rb2 fxe4 52. Nd4 Bc7+ 53. g3
h4 54. Nf5 hxg3+ 55. Nxg3 Rd3 56. Re2 Ra3 57. Re1 0-1

[Event "2. Azuqueca Chess Classic 2014"]
[Site "Azuqueca de Henares ESP"]
[Date "2014.09.17"]
[Round "5.5"]
[White "Guerrero Vargas, Andres"]
[Black "Barrantes Muñoz, Hugo Pedro"]
[Result "1-0"]
[WhiteElo "2303"]
[BlackElo "2275"]
[PlyCount "42"]
[EventDate "2014.09.13"]
[EventType "swiss"]
[EventRounds "9"]
[EventCountry "ESP"]
[Source "lmi"]
[SourceDate "2014.09.13"]

1. Nf3 d5 2. d4 e6 3. c4 c6 4. e3 Nd7 5. b3 Bd6 6. Bb2 f5 7. Bd3 Ngf6 8. cxd5
cxd5 9. O-O O-O 10. Ba3 Qe7 11. Qc1 Ne4 12. Bxd6 Qxd6 13. Qa3 Ndf6 14. Bxe4
Nxe4 15. Ne5 Rd8 16. f3 Nf6 17. Rc1 Ne8 18. Qxd6 Rxd6 19. Nc3 Bd7 20. h4 Bc6
21. b4 Kf8 1-0

[Event "2. Azuqueca Chess Classic 2014"]
[Site "Azuqueca de Henares ESP"]
[Date "2014.09.17"]
[Round "5.6"]
[White "Moreno Ibañez, Miguel"]
[Black "Prieto Martin, Alfonso"]
[Result "1/2-1/2"]
[WhiteElo "2212"]
[BlackElo "2187"]
[PlyCount "111"]
[EventDate "2014.09.13"]
[EventType "swiss"]
[EventRounds "9"]
[EventCountry "ESP"]
[Source "lmi"]
[SourceDate "2014.09.13"]

1. e4 c5 2. Nf3 g6 3. d4 cxd4 4. Nxd4 Nc6 5. c4 Nf6 6. Nc3 Nxd4 7. Qxd4 d6 8.
Bg5 Bg7 9. Qd2 O-O 10. Be2 Be6 11. O-O Qa5 12. Rac1 Rfe8 13. f3 Rac8 14. b3 a6
15. Na4 Qxd2 16. Bxd2 Nd7 17. Be3 Rc7 18. g4 Rb8 19. Kg2 b6 20. Nc3 b5 21. Nd5
Bxd5 22. cxb5 Rxc1 23. Rxc1 axb5 24. exd5 Nf6 25. Rd1 b4 26. Rd4 Ra8 27. g5
Rxa2 28. Kf1 Nh5 29. Rxb4 f6 30. Ra4 Rb2 31. Ra8+ Kf7 32. Bb5 Rb1+ 33. Ke2 fxg5
34. Be8+ Kf6 35. Bd7 Nf4+ 36. Bxf4 gxf4 37. Rb8 Rb2+ 38. Kd3 Rxh2 39. b4 Rf2
40. Ke4 g5 41. b5 Rd2 42. Rc8 e5 43. Rc4 Ke7 44. Be6 Rd4+ 45. Rxd4 exd4 46. Bg4
Kd8 47. b6 h6 48. Kd3 h5 49. Bf5 Bf6 50. Kc4 g4 51. fxg4 hxg4 52. Bxg4 f3 53.
Kd3 f2 54. Bh3 f1=Q+ 55. Bxf1 Kc8 56. Kc4 1/2-1/2

[Event "2. Azuqueca Chess Classic 2014"]
[Site "Azuqueca de Henares ESP"]
[Date "2014.09.18"]
[Round "6.1"]
[White "Castellanos Rodriguez, Renier"]
[Black "Iturrizaga Bonelli, Eduardo"]
[Result "1/2-1/2"]
[WhiteElo "2465"]
[BlackElo "2660"]
[PlyCount "102"]
[EventDate "2014.09.13"]
[EventType "swiss"]
[EventRounds "9"]
[EventCountry "ESP"]
[Source "lmi"]
[SourceDate "2014.09.13"]

1. e4 c5 2. Nf3 e6 3. d4 cxd4 4. Nxd4 Nc6 5. Nb5 d6 6. c4 Nf6 7. N5c3 Be7 8.
Be2 O-O 9. O-O b6 10. Bf4 Bb7 11. Re1 a6 12. Nd2 Nd7 13. Bg3 Rc8 14. Bf1 Nc5
15. Nf3 Qc7 16. Rc1 Ne5 17. Nd4 Rfd8 18. f4 Ng6 19. f5 Nf8 20. b4 Ncd7 21. fxe6
fxe6 22. Nxe6 Nxe6 23. Nd5 Bxd5 24. exd5 Nd4 25. Qxd4 Bg5 26. Rcd1 Bf6 27. Qg4
Ne5 28. Qe6+ Kh8 29. Re4 Re8 30. Qf5 Rf8 31. Qh5 a5 32. a3 axb4 33. axb4 Qa7
34. Bxe5 Bxe5 35. Rxe5 g6 36. Qe2 dxe5 37. Qxe5+ Qg7 38. Qe3 Qf6 39. d6 Ra8 40.
d7 Rad8 41. Be2 Rf7 42. Rf1 Qe7 43. Qd4+ Rg7 44. Qxb6 Rxd7 45. Bf3 Rf7 46. h3
Kg7 47. b5 Qe5 48. Qf2 Qc3 49. b6 Qxc4 50. Qb2+ Kh6 51. Qc1+ Qxc1 1/2-1/2

[Event "2. Azuqueca Chess Classic 2014"]
[Site "Azuqueca de Henares ESP"]
[Date "2014.09.18"]
[Round "6.2"]
[White "Gomez Ledo, Roberto Carlos"]
[Black "Guerrero Vargas, Andres"]
[Result "0-1"]
[WhiteElo "2403"]
[BlackElo "2303"]
[PlyCount "66"]
[EventDate "2014.09.13"]
[EventType "swiss"]
[EventRounds "9"]
[EventCountry "ESP"]
[Source "lmi"]
[SourceDate "2014.09.13"]

1. d4 Nf6 2. Nf3 e6 3. e3 c5 4. Bd3 b6 5. O-O Bb7 6. b3 Be7 7. Bb2 O-O 8. dxc5
Bxc5 9. Nbd2 d5 10. Qe2 Nc6 11. a3 a5 12. Rfd1 Qe7 13. c4 Rfe8 14. cxd5 exd5
15. Bb5 d4 16. Bxc6 dxe3 17. Bxe8 exf2+ 18. Kf1 Qxe2+ 19. Kxe2 Rxe8+ 20. Kf1
Ba6+ 21. Nc4 a4 22. Bxf6 gxf6 23. Nfd2 axb3 24. g3 b5 25. Nxb3 Ba7 26. Ncd2 Re3
27. Kg2 Bb7+ 28. Kf1 Bc8 29. Kg2 Be6 30. Rab1 Bf5 31. Rbc1 Bd3 32. Kxf2 Re2+
33. Kf1 Rxh2+ 0-1

[Event "2. Azuqueca Chess Classic 2014"]
[Site "Azuqueca de Henares ESP"]
[Date "2014.09.18"]
[Round "6.3"]
[White "Valmaña Canto, Jaime"]
[Black "Stella, Andrea"]
[Result "1-0"]
[WhiteElo "2353"]
[BlackElo "2403"]
[PlyCount "91"]
[EventDate "2014.09.13"]
[EventType "swiss"]
[EventRounds "9"]
[EventCountry "ESP"]
[Source "lmi"]
[SourceDate "2014.09.13"]

1. d4 Nf6 2. c4 g6 3. Nc3 d5 4. cxd5 Nxd5 5. Bd2 Nb6 6. e4 Bg7 7. Be3 O-O 8. h3
f5 9. exf5 Bxf5 10. Qb3+ Kh8 11. Nf3 Nc6 12. d5 Ne5 13. Nxe5 Bxe5 14. g4 Bd7
15. Bg2 c6 16. dxc6 Bxc6 17. Bxc6 bxc6 18. Rd1 Qe8 19. Qe6 Bg7 20. O-O Qf7 21.
Qxf7 Rxf7 22. Bd4 Nc4 23. Ne4 Nxb2 24. Bxb2 Bxb2 25. Rd7 Ba3 26. Kg2 a5 27. Rb1
a4 28. Rbb7 Kg8 29. Rbc7 Rb8 30. Rxc6 Rb2 31. Rc4 Rf4 32. Rdd4 h6 33. Rxa4 Bc5
34. Kg3 Bxd4 35. Kxf4 Bxf2 36. Ke5 Bh4 37. Ra8+ Kf7 38. a4 Be1 39. Kd5 Rb3 40.
Nc5 Rxh3 41. a5 Bxa5 42. Rxa5 g5 43. Ke5 Rh4 44. Kf5 h5 45. Ne6 Rxg4 46. Ra8
1-0

[Event "2. Azuqueca Chess Classic 2014"]
[Site "Azuqueca de Henares ESP"]
[Date "2014.09.18"]
[Round "6.4"]
[White "Prieto Martin, Alfonso"]
[Black "Moreno Ruiz, Javier"]
[Result "0-1"]
[WhiteElo "2187"]
[BlackElo "2475"]
[PlyCount "104"]
[EventDate "2014.09.13"]
[EventType "swiss"]
[EventRounds "9"]
[EventCountry "ESP"]
[Source "lmi"]
[SourceDate "2014.09.13"]

1. e4 e6 2. d4 d5 3. Nc3 Bb4 4. exd5 exd5 5. Bd3 Nc6 6. a3 Bxc3+ 7. bxc3 Be6 8.
Rb1 b6 9. Ne2 Nge7 10. Ng3 Qd7 11. O-O O-O 12. Re1 Ng6 13. h3 Na5 14. Nh5 f6
15. Qf3 Rae8 16. Qg3 Kh8 17. Nf4 Bf5 18. Nxg6+ hxg6 19. Bf4 Bxd3 20. cxd3 Rxe1+
21. Rxe1 Re8 22. Re3 Rxe3 23. fxe3 Qf5 24. e4 dxe4 25. dxe4 Qxe4 26. Bxc7 Nc4
27. a4 Ne3 28. Qf3 Qxf3 29. gxf3 Nd5 30. Bb8 Nxc3 31. Bxa7 Nxa4 32. Kf2 Kg8 33.
Ke3 Kf7 34. Kd3 Ke6 35. Kc4 Nb2+ 36. Kc3 Nd1+ 37. Kc4 Ne3+ 38. Kb5 Kd5 39. Bxb6
Nc2 40. Bc5 Nxd4+ 41. Kb4 Nxf3 42. Bf8 f5 43. Bxg7 Ng5 44. h4 Nf3 45. Bf6 Ke4
46. Kc4 f4 47. Bd8 Nd4 48. Bf6 Nf5 49. Kc3 Kf3 50. Kd3 Kg2 51. h5 gxh5 52. Ke4
f3 0-1

[Event "2. Azuqueca Chess Classic 2014"]
[Site "Azuqueca de Henares ESP"]
[Date "2014.09.18"]
[Round "6.5"]
[White "Elissalt Cardenas, Hector"]
[Black "Palenciano Escolar, Adrian"]
[Result "1-0"]
[WhiteElo "2334"]
[BlackElo "1930"]
[PlyCount "63"]
[EventDate "2014.09.13"]
[EventType "swiss"]
[EventRounds "9"]
[EventCountry "ESP"]
[Source "lmi"]
[SourceDate "2014.09.13"]

1. c4 Nf6 2. Nc3 g6 3. g3 Bg7 4. Bg2 O-O 5. e4 d6 6. Nge2 e5 7. O-O Nbd7 8. h3
Re8 9. d3 c6 10. Be3 Nf8 11. Qd2 Bd7 12. d4 Qe7 13. d5 cxd5 14. exd5 Rec8 15.
b3 Ne8 16. Rac1 f5 17. f4 Nf6 18. fxe5 Qxe5 19. Bf4 Qe7 20. Bf3 Ne4 21. Nxe4
fxe4 22. Bg2 Re8 23. Qe3 h5 24. Bg5 Qe5 25. Qf4 Qxf4 26. Bxf4 Be5 27. Nc3 Bf5
28. Bxe5 Rxe5 29. g4 hxg4 30. hxg4 Bxg4 31. Nxe4 Rd8 32. Nf6+ 1-0

[Event "2. Azuqueca Chess Classic 2014"]
[Site "Azuqueca de Henares ESP"]
[Date "2014.09.18"]
[Round "6.6"]
[White "Erice Alonso, Santiago"]
[Black "Perez Mitjans, Orelvis"]
[Result "0-1"]
[WhiteElo "2023"]
[BlackElo "2440"]
[PlyCount "52"]
[EventDate "2014.09.13"]
[EventType "swiss"]
[EventRounds "9"]
[EventCountry "ESP"]
[Source "lmi"]
[SourceDate "2014.09.13"]

1. c4 e5 2. g3 Nc6 3. Bg2 Nf6 4. Nc3 Bc5 5. Nf3 d6 6. O-O a6 7. d3 h6 8. a3 O-O
9. b4 Ba7 10. Bb2 Bg4 11. Rc1 Qd7 12. Qc2 Ne7 13. e3 Qf5 14. Nd2 Bh3 15. Nb3
Qh5 16. d4 Ng4 17. Qe4 f5 18. Qf3 e4 19. Nxe4 fxe4 20. Qxe4 Rf7 21. Rc2 Raf8
22. Qf3 Nf6 23. Qe4 Ng4 24. Rcc1 Ra8 25. Nd2 Raf8 26. Qf5 Qxf5 0-1

[Event "2. Azuqueca Chess Classic 2014"]
[Site "Azuqueca de Henares ESP"]
[Date "2014.09.19"]
[Round "7.1"]
[White "Valmaña Canto, Jaime"]
[Black "Castellanos Rodriguez, Renier"]
[Result "0-1"]
[WhiteElo "2353"]
[BlackElo "2465"]
[PlyCount "102"]
[EventDate "2014.09.13"]
[EventType "swiss"]
[EventRounds "9"]
[EventCountry "ESP"]
[Source "lmi"]
[SourceDate "2014.09.13"]

1. c4 g6 2. g3 Bg7 3. Bg2 Nf6 4. Nc3 O-O 5. e4 d6 6. Nge2 c6 7. O-O a6 8. d4
Nfd7 9. f4 b5 10. cxb5 axb5 11. e5 Nb6 12. b3 b4 13. Ne4 Nd5 14. Qd2 Na6 15. a4
Qb6 16. exd6 Bg4 17. Bf3 Bxf3 18. Rxf3 e6 19. Bb2 Rfd8 20. Rc1 Nf6 21. Nc5 Rxd6
22. Qc2 Nc7 23. Kg2 Na6 24. Rd3 Rad8 25. Ng1 Rd5 26. Nf3 Nxc5 27. dxc5 Qa6 28.
Rxd5 Nxd5 29. Re1 Bxb2 30. Qxb2 Qd3 31. Ne5 Ne3+ 32. Kg1 Qc3 33. Qxc3 bxc3 34.
Rxe3 c2 35. Rc3 Rd1+ 36. Kf2 c1=Q 37. Rxc1 Rxc1 38. b4 Kf8 39. Nxc6 Ke8 40. Ke3
f6 41. Kd4 Kd7 42. Na5 Rd1+ 43. Kc4 e5 44. fxe5 fxe5 45. c6+ Kc7 46. b5 e4 47.
Kc5 e3 48. b6+ Kc8 49. c7 e2 50. Nc6 Rc1+ 51. Kd6 e1=Q 0-1

[Event "2. Azuqueca Chess Classic 2014"]
[Site "Azuqueca de Henares ESP"]
[Date "2014.09.19"]
[Round "7.2"]
[White "Iturrizaga Bonelli, Eduardo"]
[Black "Guerrero Vargas, Andres"]
[Result "1-0"]
[WhiteElo "2660"]
[BlackElo "2303"]
[PlyCount "55"]
[EventDate "2014.09.13"]
[EventType "swiss"]
[EventRounds "9"]
[EventCountry "ESP"]
[Source "lmi"]
[SourceDate "2014.09.13"]

1. Nf3 Nf6 2. c4 g6 3. Nc3 Bg7 4. e4 d6 5. d4 O-O 6. Be2 e5 7. O-O Nc6 8. d5
Ne7 9. b4 Nh5 10. g3 f5 11. Ng5 Nf6 12. Bf3 h6 13. Ne6 Bxe6 14. dxe6 fxe4 15.
Nxe4 Nxe4 16. Bxe4 c6 17. b5 Rf6 18. Rb1 Rxe6 19. bxc6 bxc6 20. Qg4 Rf6 21. Rb7
h5 22. Qd7 Qxd7 23. Rxd7 Re8 24. Bg5 Re6 25. Rd1 a5 26. R1xd6 Kf7 27. c5 Bf6
28. Rxe6 1-0

[Event "2. Azuqueca Chess Classic 2014"]
[Site "Azuqueca de Henares ESP"]
[Date "2014.09.19"]
[Round "7.3"]
[White "Moreno Ruiz, Javier"]
[Black "Elissalt Cardenas, Hector"]
[Result "1/2-1/2"]
[WhiteElo "2475"]
[BlackElo "2334"]
[PlyCount "75"]
[EventDate "2014.09.13"]
[EventType "swiss"]
[EventRounds "9"]
[EventCountry "ESP"]
[Source "lmi"]
[SourceDate "2014.09.13"]

1. e4 e5 2. Nf3 Nc6 3. Bc4 Nf6 4. Ng5 d5 5. exd5 b5 6. Bf1 h6 7. Nf3 Qxd5 8.
Nc3 Qe6 9. Bxb5 Bd7 10. O-O Bc5 11. d3 O-O 12. Re1 Rfe8 13. Be3 Bd6 14. h3 Rab8
15. Rb1 a5 16. a3 Qf5 17. Bc4 Ne7 18. Ne2 Bc6 19. Ng3 Qd7 20. Bd2 Ng6 21. Bxa5
Bxf3 22. Qxf3 Nh4 23. Qe2 Qc6 24. Ne4 Nd5 25. Qh5 Nxg2 26. Bxd5 Qxd5 27. Kxg2
Qxa5 28. Kh2 Rxb2 29. Qg4 Rxb1 30. Rxb1 Kh8 31. Rg1 g6 32. Qh4 Kg7 33. Qf6+ Kg8
34. Rxg6+ fxg6 35. Qxg6+ Kf8 36. Qf6+ Kg8 37. Qg6+ Kf8 38. Qf6+ 1/2-1/2

[Event "2. Azuqueca Chess Classic 2014"]
[Site "Azuqueca de Henares ESP"]
[Date "2014.09.19"]
[Round "7.4"]
[White "Perez Mitjans, Orelvis"]
[Black "Ledo Galan, Jose Emilio"]
[Result "1-0"]
[WhiteElo "2440"]
[BlackElo "2047"]
[PlyCount "76"]
[EventDate "2014.09.13"]
[EventType "swiss"]
[EventRounds "9"]
[EventCountry "ESP"]
[Source "lmi"]
[SourceDate "2014.09.13"]

1. e4 e6 2. d4 d5 3. e5 c5 4. c3 Nc6 5. Nf3 Bd7 6. Bd3 Qb6 7. dxc5 Bxc5 8. O-O
Qc7 9. Bf4 a5 10. Nbd2 Nge7 11. Nb3 b6 12. Bg3 Ng6 13. Re1 a4 14. Nbd4 Bxd4 15.
cxd4 Nb4 16. Rc1 Qb7 17. Bb1 O-O 18. h4 Rfc8 19. h5 Nf8 20. h6 Ng6 21. hxg7
Kxg7 22. Nh2 Bb5 23. Qd2 Rxc1 24. Rxc1 Rc8 25. Re1 Qe7 26. Ng4 Kh8 27. Nf6 Qf8
28. Kh2 Nc6 29. Rh1 Nxd4 30. Bxg6 fxg6 31. Qxd4 Rc4 32. Qd2 h5 33. Kg1 Be8 34.
Rh4 b5 35. b3 Rc8 36. Qg5 axb3 37. axb3 Rc3 38. Rf4 Bf7 1-0

[Event "2. Azuqueca Chess Classic 2014"]
[Site "Azuqueca de Henares ESP"]
[Date "2014.09.19"]
[Round "7.5"]
[White "Moreno Ibañez, Miguel"]
[Black "Gomez Ledo, Roberto Carlos"]
[Result "1/2-1/2"]
[WhiteElo "2212"]
[BlackElo "2403"]
[PlyCount "99"]
[EventDate "2014.09.13"]
[EventType "swiss"]
[EventRounds "9"]
[EventCountry "ESP"]
[Source "lmi"]
[SourceDate "2014.09.13"]

1. Nf3 d5 2. g3 Nf6 3. Bg2 c6 4. O-O h6 5. d3 Bf5 6. b3 e6 7. Bb2 Be7 8. Nbd2
O-O 9. Qe1 Bh7 10. e4 a5 11. a4 Na6 12. Qe2 Nb4 13. Ne1 Nd7 14. d4 dxe4 15.
Nxe4 Nf6 16. Nxf6+ Bxf6 17. c3 Nd5 18. Nd3 Bxd3 19. Qxd3 Qb6 20. Bxd5 exd5 21.
Ba3 Rfe8 22. b4 axb4 23. Bxb4 Qa6 24. Qxa6 Rxa6 25. a5 Bd8 26. Rfe1 Rxe1+ 27.
Rxe1 Kh7 28. Re8 Bxa5 29. Bxa5 Rxa5 30. Re7 b5 31. Rxf7 Ra3 32. Kf1 Rxc3 33.
Ke2 Kg6 34. Rf8 Ra3 35. Kd2 Ra4 36. Kd3 Rc4 37. f4 Rc1 38. Ke3 Rc2 39. Rc8 b4
40. Rb8 Rxh2 41. Rxb4 h5 42. Rb8 Ra2 43. Rb3 Kf5 44. Kf3 Ra4 45. Rd3 Rc4 46.
Re3 g6 47. Re5+ Kf6 48. Ke3 Rc3+ 49. Kf2 Rd3 50. Re3 1/2-1/2

[Event "2. Azuqueca Chess Classic 2014"]
[Site "Azuqueca de Henares ESP"]
[Date "2014.09.19"]
[Round "7.6"]
[White "Stella, Andrea"]
[Black "Aziz Ortego, Omar Luis"]
[Result "1-0"]
[WhiteElo "2403"]
[BlackElo "2094"]
[PlyCount "71"]
[EventDate "2014.09.13"]
[EventType "swiss"]
[EventRounds "9"]
[EventCountry "ESP"]
[Source "lmi"]
[SourceDate "2014.09.13"]

1. Nf3 d5 2. d4 Nf6 3. c4 e6 4. e3 Be7 5. b3 O-O 6. Bb2 Ne4 7. Bd3 f5 8. O-O c6
9. Ne5 Nd7 10. f4 Nxe5 11. fxe5 Bg5 12. Qe2 Bd7 13. Ba3 Be7 14. Bxe4 Bxa3 15.
Bxf5 Bb4 16. a3 Qg5 17. axb4 Rxf5 18. Rxf5 Qxf5 19. Nc3 Be8 20. e4 dxe4 21. Rf1
Qg5 22. Nxe4 Qe7 23. Nd6 Rd8 24. c5 a6 25. Qg4 Bg6 26. h4 Be8 27. h5 h6 28. Rf4
Rb8 29. Kh2 Bd7 30. Rf6 Rf8 31. Rxh6 Rf5 32. Rg6 Kh7 33. Nxf5 exf5 34. Qg5 Qf7
35. Rd6 Be8 36. e6 1-0

[Event "2. Azuqueca Chess Classic 2014"]
[Site "Azuqueca de Henares ESP"]
[Date "2014.09.20"]
[Round "8.1"]
[White "Castellanos Rodriguez, Renier"]
[Black "Gomez Ledo, Roberto Carlos"]
[Result "1/2-1/2"]
[WhiteElo "2465"]
[BlackElo "2403"]
[PlyCount "43"]
[EventDate "2014.09.13"]
[EventType "swiss"]
[EventRounds "9"]
[EventCountry "ESP"]
[Source "lmi"]
[SourceDate "2014.09.13"]

1. e4 d6 2. d4 Nf6 3. Bd3 e5 4. d5 c5 5. c4 Be7 6. Nc3 Nbd7 7. Nge2 h5 8. f3 h4
9. Be3 Nf8 10. Qd2 Ng6 11. a3 Bd7 12. Bc2 Nh5 13. g3 Nf6 14. g4 Nh7 15. h3 Bg5
16. b4 Rc8 17. Bd3 Qf6 18. Kf2 O-O 19. Rab1 b6 20. Kg2 Bxe3 21. Qxe3 Rc7 22. b5
1/2-1/2

[Event "2. Azuqueca Chess Classic 2014"]
[Site "Azuqueca de Henares ESP"]
[Date "2014.09.20"]
[Round "8.2"]
[White "Iturrizaga Bonelli, Eduardo"]
[Black "Moreno Ruiz, Javier"]
[Result "1/2-1/2"]
[WhiteElo "2660"]
[BlackElo "2475"]
[PlyCount "27"]
[EventDate "2014.09.13"]
[EventType "swiss"]
[EventRounds "9"]
[EventCountry "ESP"]
[Source "lmi"]
[SourceDate "2014.09.13"]

1. c4 Nf6 2. Nc3 g6 3. g3 Bg7 4. Bg2 O-O 5. d4 d6 6. e4 Nc6 7. Nge2 e5 8. d5
Nd4 9. O-O c5 10. dxc6 bxc6 11. Nxd4 exd4 12. Ne2 Re8 13. Nxd4 Qb6 14. Nb3
1/2-1/2

[Event "2. Azuqueca Chess Classic 2014"]
[Site "Azuqueca de Henares ESP"]
[Date "2014.09.20"]
[Round "8.3"]
[White "Guerrero Vargas, Andres"]
[Black "Perez Mitjans, Orelvis"]
[Result "0-1"]
[WhiteElo "2303"]
[BlackElo "2440"]
[PlyCount "123"]
[EventDate "2014.09.13"]
[EventType "swiss"]
[EventRounds "9"]
[EventCountry "ESP"]
[Source "lmi"]
[SourceDate "2014.09.13"]

1. Nf3 Nf6 2. c4 g6 3. Nc3 Bg7 4. e4 d6 5. d4 O-O 6. Be2 Na6 7. O-O e5 8. Rb1
exd4 9. Nxd4 Nc5 10. f3 a5 11. Be3 Re8 12. Qd2 Nh5 13. Ndb5 Bd7 14. Rbd1 b6 15.
Bg5 Bf6 16. Bxf6 Nxf6 17. Nd5 Bxb5 18. cxb5 Nxd5 19. exd5 Qf6 20. b3 Re5 21.
Bc4 Rae8 22. Qd4 Kg7 23. a3 Re3 24. Qxf6+ Kxf6 25. b4 Na4 26. Ra1 Rc3 27. Rfc1
Ree3 28. Bf1 Ke5 29. Rxc3 Nxc3 30. Kf2 Kd4 31. Rc1 Re7 32. bxa5 bxa5 33. g3 Re5
34. f4 Rxd5 35. a4 Rc5 36. Ra1 Ne4+ 37. Kg1 Rc2 38. Rd1+ Rd2 39. Rc1 Nc3 40.
Re1 Nd5 41. Re8 Ra2 42. Bg2 Ne3 43. Bc6 Kd3 44. h4 f5 45. Bf3 Rxa4 46. Re7 Rc4
47. Re8 a4 48. Ra8 d5 49. h5 d4 50. h6 Kc3 51. b6 cxb6 52. Ra7 Ng4 53. Bxg4
fxg4 54. Rxh7 d3 55. Rd7 Rc5 56. Kf2 a3 57. h7 Rh5 58. Rc7+ Kb4 59. Ke3 a2 60.
Ra7 Kb3 61. Kxd3 Kb2 62. Ke4 0-1

[Event "2. Azuqueca Chess Classic 2014"]
[Site "Azuqueca de Henares ESP"]
[Date "2014.09.20"]
[Round "8.4"]
[White "Elissalt Cardenas, Hector"]
[Black "Stella, Andrea"]
[Result "0-1"]
[WhiteElo "2334"]
[BlackElo "2403"]
[PlyCount "64"]
[EventDate "2014.09.13"]
[EventType "swiss"]
[EventRounds "9"]
[EventCountry "ESP"]
[Source "lmi"]
[SourceDate "2014.09.13"]

1. c4 c5 2. Nc3 Nc6 3. g3 g6 4. Bg2 Bg7 5. Nf3 d6 6. O-O e6 7. d3 Nge7 8. e4
O-O 9. Bg5 h6 10. Be3 Nd4 11. Qd2 Kh7 12. Rab1 f5 13. Ne1 Nec6 14. f4 a6 15.
Ne2 fxe4 16. dxe4 Qa5 17. Nc3 Bd7 18. Nd3 e5 19. fxe5 Nxe5 20. Nxe5 dxe5 21.
Qd3 b5 22. Rxf8 Rxf8 23. Rf1 Be6 24. cxb5 axb5 25. Rxf8 Bxf8 26. Qf1 Bg7 27. a3
Bc4 28. Qf2 b4 29. axb4 cxb4 30. Nd5 Ne2+ 31. Kh1 Qa1+ 32. Bf1 Bd3 0-1

[Event "2. Azuqueca Chess Classic 2014"]
[Site "Azuqueca de Henares ESP"]
[Date "2014.09.20"]
[Round "8.5"]
[White "Barrantes Muñoz, Hugo Pedro"]
[Black "Valmaña Canto, Jaime"]
[Result "0-1"]
[WhiteElo "2275"]
[BlackElo "2353"]
[PlyCount "66"]
[EventDate "2014.09.13"]
[EventType "swiss"]
[EventRounds "9"]
[EventCountry "ESP"]
[Source "lmi"]
[SourceDate "2014.09.13"]

1. d4 d6 2. c4 g6 3. e4 Bg7 4. Nc3 e5 5. Nge2 Nc6 6. d5 Nce7 7. h4 h5 8. Bg5 f6
9. Be3 Nh6 10. f3 c5 11. Qd2 Bd7 12. g3 a6 13. a4 Qa5 14. Ra3 Nf7 15. Bg2 Bh6
16. f4 Bg7 17. O-O Ng8 18. Nd1 Qxd2 19. Bxd2 Ngh6 20. a5 exf4 21. gxf4 f5 22.
e5 dxe5 23. Be3 Rc8 24. Rb3 Nd6 25. Rb6 Nxc4 26. Rxb7 Ng4 27. Bc1 e4 28. Ra7
Bd4+ 29. Kh1 Nxa5 30. Ndc3 Nb3 31. Rxa6 Kf7 32. Ra7 Nf6 33. Nb5 Ra8 0-1